| 000 | 00777nam a2200265 a 4500 | ||
|---|---|---|---|
| 003 | AR-BaBNM | ||
| 005 | 20251128202914.0 | ||
| 008 | 082120s2002 ||||||||||||||000 | spa|| | ||
| 040 | _cAR-BaBNM | ||
| 245 | 0 | 0 | _aGuía de personas que cultivan la historia de América |
| 260 |
_aMéxico, D.F. _bInstituto Panamericano de Geografía e Historia _c1951 |
||
| 300 | _a507 p. | ||
| 490 | 0 |
_aGuías II _v34 |
|
| 500 | _aContiene índice por nacionalidad | ||
| 650 | 4 | _aDICCIONARIOS | |
| 650 | 4 | _aBIOGRAFIAS | |
| 650 | 4 | _aHISTORIADORES | |
| 650 | 4 | _aHISTORIA | |
| 651 | 4 | _aAmérica | |
| 655 | _aREFERENCIA | ||
| 700 | 1 |
_aAlmela Melía, Juan _edirector |
|
| 810 | 2 |
_aInstituto Panamericano de Geografía e Historia _bComisión de Historia |
|
| 942 | _cBK | ||
| 998 | _claura | ||
| 999 |
_c1133 _d1133 |
||